000 00512nam a2200181Ia 4500
005 20250326125609.0
008 250326s9999 xx 000 0 und d
037 _aTextbook
040 _aFMSL
_beng
_cFMSL
041 _aeng
_2eng
084 _aX8(A):(Z227) L2
_qFMSL
100 _aIIC
_9735819
245 0 _aIndustrial licensing policy
_cIIC
260 _aNew Delhi
_bNew Delhi, Indian Investment Centre
_c1972
300 _a128p
942 _cTB
_hX8(A):(Z227) L2
999 _c1278741
_d1278741